PERFORMANCE MANAGEMENT MEASURE AND IMPRO (Record no. 5317)

MARC details
000 -LEADER
fixed length control field 00383nam a2200133Ia 4500
008 - FIXED-LENGTH DATA ELEMENTS--GENERAL INFORMATION
fixed length control field 240624s9999 xx 000 0 und d
041 ## - LANGUAGE CODE
Language code of text/sound track or separate title eng
082 ## - DEWEY DECIMAL CLASSIFICATION NUMBER
Classification number 658.3125 HAR
100 ## - MAIN ENTRY--PERSONAL NAME
Personal name HARVARD BUSINESS SCHOOL PRESS
245 ## - TITLE STATEMENT
Title PERFORMANCE MANAGEMENT MEASURE AND IMPRO
260 ## - PUBLICATION, DISTRIBUTION, ETC.
Date of publication, distribution, etc. 2006
Place of publication, distribution, etc. London
Name of publisher, distributor, etc. Harvard Businesss School Press
300 ## - PHYSICAL DESCRIPTION
Extent vii, : 152 : p. : cm. ; 24
365 ## - TRADE PRICE
Currency code
Price amount 30
Holdings
Withdrawn status Lost status Damaged status Not for loan Home library Current library Shelving location Date acquired Source of acquisition Cost, normal purchase price Total Holds Full call number Barcode Date last seen Copy number Price effective from Koha item type
        IMTN IMTN Rack 26-A 05/30/2007 IBH 19.95 1163 658.3125 HAR 5317 06/24/2024 47 06/24/2024 Books
Designed & Maintained by: LRC IMT Nagpur Contact: lrc@imtnag.ac.in© 2024. All Rights Reserved.